[Event "World Senior chT-65 2019"]
[Site "Rhodes"]
[Date "2019.04.24"]
[Round "9.21"]
[White "Pedersen, Svend"]
[Black "Karason, Askell O"]
[Result "0-1"]
[WhiteElo "2178"]
[BlackElo "2252"]
[Annotator "NA"]
[PlyCount "81"]
[EventDate "2019.04.16"]
[EventType "team-tourn"]
[EventCountry "GRE"]
[SourceTitle "playchess.com"]
[Source "ChessBase"]
[SourceQuality "1"]
[WhiteTeam "Denmark"]
[BlackTeam "Iceland"]
[WhiteTeamCountry "DEN"]
[BlackTeamCountry "ISL"]
[TimeControl "40/5400+30:1800+30"]

1. e4 {[%emt 0:00:00]} c5 {[%emt 0:00:00]} 2. Nc3 {[%emt 0:00:00]} Nc6 {[%emt 0:00:00]} 3. g3 {[%emt 0:00:00]} g6 {[%emt 0:00:00]} 4. Bg2 {[%emt 0:00:00]} Bg7 {[%emt 0:00:00]} 5. d3 {[%emt 0:00:01]} d6 {[%emt 0:00:02]} 6. Nh3 {[%emt 0:00:30]} Nf6 {[%emt 0:00:23]} 7. O-O {[%emt 0:00:14]} O-O {[%emt 0:00:04]} 8. f4 {[%emt 0:00:18]} Bg4 {[%emt 0:00:45]} 9. Qd2 {[%emt 0:00:27]} Nd4 {[%emt 0:01:15]} 10. Kh1 {[%emt 0:00:57]} Rc8 {[%emt 0:01:47]} 11. Ng1 {[%emt 0:05:23]} b5 {[%emt 0:06:12]} 12. h3 {[%emt 0:02:54]} Bd7 {[%emt 0:00:06]} 13. Qf2 {[%emt 0:06:33]} Bc6 {[%emt 0:06:07]} 14. Nd5 {[%emt 0:04:12]} b4 {[%emt 0:02:24]} 15. c3 {[%emt 0:04:21]} bxc3 {[%emt 0:03:20]} 16. bxc3 {[%emt 0:00:02]} Nb5 {[%emt 0:00:07]} 17. Bd2 {[%emt 0:01:22]} Nd7 {[%emt 0:04:07]} 18. a4 {[%emt 0:04:46]} Nc7 {[%emt 0:01:30]} 19. Nxc7 {[%emt 0:03:06]} Qxc7 {[%emt 0:00:05]} 20. d4 {[%emt 0:00:46]} Nb6 {[%emt 0:04:32]} 21. dxc5 {[%emt 0:23:18]} dxc5 {[%emt 0:00:33]} 22. Qxc5 {[%emt 0:02:36]} Bxe4 {[%emt 0:00:28]} 23. Qxc7 {[%emt 0:01:03]} Bxg2+ {[%emt 0:00:59]} 24. Kxg2 {[%emt 0:00:07]} Rxc7 {[%emt 0:00:02]} 25. Ne2 {[%emt 0:00:27]} Nc4 {[%emt 0:01:29]} 26. Ra2 {[%emt 0:00:36]} Rd8 {[%emt 0:00:43]} 27. Bc1 {[%emt 0:01:58]} Rd5 {[%emt 0:04:07]} 28. Nd4 {[%emt 0:17:36]} Bxd4 {[%emt 0:10:02]} 29. cxd4 {[%emt 0:00:11]} Rxd4 {[%emt 0:00:03]} 30. f5 {[%emt 0:00:18]} Rb7 {[%emt 0:03:22]} 31. Rc2 {[%emt 0:04:20]} f6 {[%emt 0:00:46]} 32. a5 {[%emt 0:09:26]} Nxa5 {[%emt 0:07:40]} 33. Be3 {[%emt 0:00:29]} Re4 {[%emt 0:05:12]} 34. Bh6 {[%emt 0:01:29]} gxf5 {[%emt 0:01:27]} 35. Rxf5 {[%emt 0:00:39]} Nc4 {[%emt 0:00:17]} 36. Kf3 {[%emt 0:01:54]} Nd6 {[%emt 0:00:18]} 37. Ra5 {[%emt 0:00:22]} Rc4 {[%emt 0:01:02]} 38. Rxc4 {[%emt 0:02:51]} Nxc4 {[%emt 0:02:23]} 39. Ra6 {[%emt 0:01:41]} Kf7 {[%emt 0:00:55]} 40. Ke4 {[%emt 0:00:00]} Rb3 {[%emt 0:00:00]} 41. Kd4 {[%emt 0:05:41]} 0-1

[Event "World Senior chT-65 2019"]
[Site "Rhodes"]
[Date "2019.04.24"]
[Round "9.22"]
[White "Gudmundsson, Kristjan"]
[Black "Holst, Per"]
[Result "1-0"]
[WhiteElo "2268"]
[BlackElo "2150"]
[Annotator "NA"]
[PlyCount "57"]
[EventDate "2019.04.16"]
[EventType "team-tourn"]
[EventCountry "GRE"]
[SourceTitle "playchess.com"]
[Source "ChessBase"]
[SourceQuality "1"]
[WhiteTeam "Iceland"]
[BlackTeam "Denmark"]
[WhiteTeamCountry "ISL"]
[BlackTeamCountry "DEN"]
[TimeControl "40/5400+30:1800+30"]

1. Nf3 {[%emt 0:05:19]} e6 {[%emt 0:00:00]} 2. g3 {[%emt 0:00:14]} c5 {[%emt 0:00:30]} 3. Bg2 {[%emt 0:00:13]} d5 {[%emt 0:00:26]} 4. O-O {[%emt 0:00:06]} Nc6 {[%emt 0:00:11]} 5. d3 {[%emt 0:00:04]} g6 {[%emt 0:00:14]} 6. Nbd2 {[%emt 0:00:39]} Bg7 {[%emt 0:00:12]} 7. e4 {[%emt 0:00:03]} Nge7 {[%emt 0:00:10]} 8. Re1 {[%emt 0:02:44]} b6 {[%emt 0:00:27]} 9. e5 {[%emt 0:07:21]} Qc7 {[%emt 0:01:52]} 10. Qe2 {[%emt 0:00:17]} Bb7 {[%emt 0:02:02]} 11. Nf1 {[%emt 0:10:52]} h6 {[%emt 0:08:32]} 12. h4 {[%emt 0:03:14]} O-O-O {[%emt 0:08:41]} 13. c3 {[%emt 0:00:00]} d4 {[%emt 0:01:55]} 14. c4 {[%emt 0:00:34]} Rdg8 {[%emt 0:02:52]} 15. N1h2 {[%emt 0:00:50]} g5 {[%emt 0:13:12]} 16. h5 {[%emt 0:09:44]} Kb8 {[%emt 0:02:35]} 17. Ng4 {[%emt 0:01:38]} Nf5 {[%emt 0:05:00]} 18. Bd2 {[%emt 0:04:57]} Qe7 {[%emt 0:08:52]} 19. a3 {[%emt 0:00:00]} Re8 {[%emt 0:03:38]} 20. b4 {[%emt 0:02:25]} cxb4 {[%emt 0:04:02]} 21. axb4 {[%emt 0:00:13]} Nxb4 {[%emt 0:04:16]} 22. Bxb4 {[%emt 0:02:00]} Qxb4 {[%emt 0:00:13]} 23. Reb1 {[%emt 0:10:31]} Qe7 {[%emt 0:02:51]} 24. Qa2 {[%emt 0:00:00]} Bc6 {[%emt 0:11:07]} 25. c5 {[%emt 0:03:27]} b5 {[%emt 0:00:00]} 26. Nf6 {[%emt 0:04:53]} Bxf6 {[%emt 0:01:46]} 27. exf6 {[%emt 0:00:02]} Qb7 {[%emt 0:01:21]} 28. Ne5 {[%emt 0:07:21]} Bxg2 {[%emt 0:04:05]} 29. c6 {[%emt 0:00:18]} 1-0

[Event "World Senior chT-65 2019"]
[Site "Rhodes"]
[Date "2019.04.24"]
[Round "9.23"]
[White "Hvenekilde, Jorgen"]
[Black "Halldorsson, Bragi"]
[Result "0-1"]
[WhiteElo "2046"]
[BlackElo "2112"]
[Annotator "NA"]
[PlyCount "68"]
[EventDate "2019.04.16"]
[EventType "team-tourn"]
[EventCountry "GRE"]
[SourceTitle "playchess.com"]
[Source "ChessBase"]
[SourceQuality "1"]
[WhiteTeam "Denmark"]
[BlackTeam "Iceland"]
[WhiteTeamCountry "DEN"]
[BlackTeamCountry "ISL"]
[TimeControl "40/5400+30:1800+30"]

1. d4 {[%emt 0:00:00]} c6 {[%emt 0:00:00]} 2. Nf3 {[%emt 0:00:40]} d5 {[%emt 0:00:00]} 3. c4 {[%emt 0:01:03]} Nf6 {[%emt 0:00:05]} 4. Nc3 {[%emt 0:00:12]} dxc4 {[%emt 0:00:51]} 5. a4 {[%emt 0:00:20]} Bf5 {[%emt 0:00:09]} 6. e3 {[%emt 0:00:35]} Na6 {[%emt 0:00:10]} 7. Bxc4 {[%emt 0:01:25]} Nb4 {[%emt 0:00:15]} 8. O-O {[%emt 0:00:31]} e6 {[%emt 0:00:10]} 9. Qe2 {[%emt 0:01:24]} Nbd5 {[%emt 0:01:15]} 10. Ne5 {[%emt 0:10:40]} Bd6 {[%emt 0:01:11]} 11. f4 {[%emt 0:01:14]} Qc7 {[%emt 0:08:54]} 12. Bd2 {[%emt 0:02:12]} O-O {[%emt 0:02:54]} 13. Rfc1 {[%emt 0:01:56]} a6 {[%emt 0:00:32]} 14. h3 {[%emt 0:05:12]} Rac8 {[%emt 0:01:31]} 15. g4 {[%emt 0:06:08]} Nxc3 {[%emt 0:02:51]} 16. bxc3 {[%emt 0:05:52]} Be4 {[%emt 0:00:12]} 17. Bd3 {[%emt 0:14:08]} c5 {[%emt 0:05:04]} 18. g5 {[%emt 0:11:00]} Bxe5 {[%emt 0:02:38]} 19. fxe5 {[%emt 0:00:53]} Bxd3 {[%emt 0:03:10]} 20. Qxd3 {[%emt 0:00:12]} Nh5 {[%emt 0:00:38]} 21. Qe2 {[%emt 0:03:47]} g6 {[%emt 0:02:02]} 22. Qg2 {[%emt 0:01:43]} Rfd8 {[%emt 0:02:43]} 23. a5 {[%emt 0:06:54]} Rb8 {[%emt 0:04:07]} 24. Rcb1 {[%emt 0:02:38]} b5 {[%emt 0:00:24]} 25. axb6 {[%emt 0:00:20]} Rxb6 {[%emt 0:00:19]} 26. Rxb6 {[%emt 0:01:26]} Qxb6 {[%emt 0:00:15]} 27. Be1 {[%emt 0:01:20]} a5 {[%emt 0:02:33]} 28. Qa2 {[%emt 0:00:39]} Ra8 {[%emt 0:00:11]} 29. Qa4 {[%emt 0:01:26]} Qb7 {[%emt 0:00:43]} 30. dxc5 {[%emt 0:06:29]} Qf3 {[%emt 0:01:38]} 31. Bf2 {[%emt 0:02:34]} Ng3 {[%emt 0:00:19]} 32. Bxg3 {[%emt 0:00:45]} Qxg3+ {[%emt 0:00:09]} 33. Kf1 {[%emt 0:00:23]} Qf3+ {[%emt 0:00:18]} 34. Ke1 {[%emt 0:00:24]} Qxe3+ {[%emt 0:00:19]} 0-1

[Event "World Senior chT-65 2019"]
[Site "Rhodes"]
[Date "2019.04.24"]
[Round "9.24"]
[White "Kristinsson, Jon"]
[Black "Grevlund, Per"]
[Result "1-0"]
[WhiteElo "2094"]
[BlackElo "1998"]
[Annotator "NA"]
[PlyCount "79"]
[EventDate "2019.04.16"]
[EventType "team-tourn"]
[EventCountry "GRE"]
[SourceTitle "playchess.com"]
[Source "ChessBase"]
[SourceQuality "1"]
[WhiteTeam "Iceland"]
[BlackTeam "Denmark"]
[WhiteTeamCountry "ISL"]
[BlackTeamCountry "DEN"]
[TimeControl "40/5400+30:1800+30"]

1. d4 {[%emt 0:00:00]} d5 {[%emt 0:00:00]} 2. c4 {[%emt 0:00:00]} e6 {[%emt 0:00:00]} 3. Nc3 {[%emt 0:00:03]} c6 {[%emt 0:00:00]} 4. e4 {[%emt 0:00:23]} dxe4 {[%emt 0:05:05]} 5. Nxe4 {[%emt 0:00:09]} Bb4+ {[%emt 0:03:37]} 6. Nc3 {[%emt 0:00:31]} Nf6 {[%emt 0:00:57]} 7. Nf3 {[%emt 0:00:29]} Nbd7 {[%emt 0:02:16]} 8. Bd3 {[%emt 0:00:31]} O-O {[%emt 0:02:49]} 9. O-O {[%emt 0:00:18]} Re8 {[%emt 0:02:35]} 10. Bg5 {[%emt 0:07:30]} Be7 {[%emt 0:08:31]} 11. Qc2 {[%emt 0:01:06]} Nf8 {[%emt 0:02:34]} 12. Rad1 {[%emt 0:01:11]} b6 {[%emt 0:04:25]} 13. Rfe1 {[%emt 0:01:37]} Bb7 {[%emt 0:01:59]} 14. Qe2 {[%emt 0:00:48]} Qc7 {[%emt 0:04:05]} 15. Ne5 {[%emt 0:01:44]} Rad8 {[%emt 0:01:35]} 16. Bc2 {[%emt 0:00:21]} a6 {[%emt 0:05:27]} 17. a3 {[%emt 0:14:29]} c5 {[%emt 0:04:16]} 18. dxc5 {[%emt 0:01:14]} bxc5 {[%emt 0:10:10]} 19. Bf4 {[%emt 0:04:52]} Qc8 {[%emt 0:05:21]} 20. Ne4 {[%emt 0:14:58]} Nxe4 {[%emt 0:02:54]} 21. Bxe4 {[%emt 0:00:28]} Bxe4 {[%emt 0:00:14]} 22. Qxe4 {[%emt 0:00:15]} Rxd1 {[%emt 0:00:16]} 23. Rxd1 {[%emt 0:00:11]} Rd8 {[%emt 0:00:32]} 24. Rxd8 {[%emt 0:00:50]} Qxd8 {[%emt 0:00:11]} 25. Nd3 {[%emt 0:01:57]} Qc8 {[%emt 0:04:50]} 26. h3 {[%emt 0:03:35]} Nd7 {[%emt 0:02:14]} 27. Be3 {[%emt 0:00:54]} Nf6 {[%emt 0:04:05]} 28. Qe5 {[%emt 0:01:48]} Nd7 {[%emt 0:01:22]} 29. Qc3 {[%emt 0:00:57]} Bf6 {[%emt 0:04:30]} 30. Qa5 {[%emt 0:00:35]} Bd8 {[%emt 0:02:34]} 31. Qa4 {[%emt 0:00:56]} Be7 {[%emt 0:03:04]} 32. Qa5 {[%emt 0:05:09]} Bd8 {[%emt 0:00:47]} 33. Qc3 {[%emt 0:00:12]} Bf6 {[%emt 0:02:09]} 34. Qc2 {[%emt 0:00:14]} g6 {[%emt 0:07:27]} 35. b4 {[%emt 0:01:23]} Be7 {[%emt 0:00:30]} 36. Qc3 {[%emt 0:04:15]} Bf6 {[%emt 0:02:20]} 37. Qb3 {[%emt 0:01:39]} Be7 {[%emt 0:00:04]} 38. b5 {[%emt 0:02:12]} a5 {[%emt 0:01:12]} 39. b6 {[%emt 0:02:55]} Qb7 {[%emt 0:01:50]} 40. Qb5 {[%emt 0:00:00]} 1-0

[Event "World Senior chT-65 2019"]
[Site "Rhodes"]
[Date "2019.04.24"]
[Round "9.25"]
[White "Steedman, James"]
[Black "Boehnisch, Manfred"]
[Result "1/2-1/2"]
[WhiteElo "2127"]
[BlackElo "2287"]
[Annotator "NA"]
[PlyCount "93"]
[EventDate "2019.04.16"]
[EventType "team-tourn"]
[EventCountry "GRE"]
[SourceTitle "playchess.com"]
[Source "ChessBase"]
[SourceQuality "1"]
[WhiteTeam "Norway"]
[BlackTeam "Germany"]
[WhiteTeamCountry "NOR"]
[BlackTeamCountry "GER"]
[TimeControl "40/5400+30:1800+30"]

1. d4 {[%emt 0:00:00]} d5 {[%emt 0:00:00]} 2. c4 {[%emt 0:00:00]} c6 {[%emt 0:00:00]} 3. Nf3 {[%emt 0:00:29]} Nf6 {[%emt 0:00:00]} 4. Nc3 {[%emt 0:00:14]} dxc4 {[%emt 0:00:00]} 5. a4 {[%emt 0:00:22]} Bf5 {[%emt 0:00:06]} 6. e3 {[%emt 0:00:44]} e6 {[%emt 0:00:14]} 7. Bxc4 {[%emt 0:00:16]} Bb4 {[%emt 0:00:13]} 8. O-O {[%emt 0:00:10]} Nbd7 {[%emt 0:00:09]} 9. Qe2 {[%emt 0:00:14]} Bg4 {[%emt 0:00:14]} 10. h3 {[%emt 0:01:42]} Bh5 {[%emt 0:00:07]} 11. Rd1 {[%emt 0:01:23]} Bxc3 {[%emt 0:00:21]} 12. bxc3 {[%emt 0:00:20]} Ne4 {[%emt 0:00:09]} 13. Ra3 {[%emt 0:12:36]} Ng5 {[%emt 0:01:29]} 14. e4 {[%emt 0:03:06]} Nxf3+ {[%emt 0:07:17]} 15. gxf3 {[%emt 0:00:42]} Qf6 {[%emt 0:03:32]} 16. Rd3 {[%emt 0:03:27]} O-O {[%emt 0:06:50]} 17. Qe3 {[%emt 0:02:03]} h6 {[%emt 0:06:14]} 18. Qf4 {[%emt 0:03:04]} Qe7 {[%emt 0:05:51]} 19. Rb3 {[%emt 0:04:47]} b6 {[%emt 0:09:46]} 20. Qg3 {[%emt 0:07:29]} Kh8 {[%emt 0:03:27]} 21. Ba3 {[%emt 0:04:28]} c5 {[%emt 0:01:01]} 22. Bb5 {[%emt 0:00:58]} Rfc8 {[%emt 0:08:25]} 23. d5 {[%emt 0:04:39]} exd5 {[%emt 0:03:47]} 24. Rxd5 {[%emt 0:06:43]} Nf6 {[%emt 0:00:36]} 25. Rd2 {[%emt 0:01:00]} Rd8 {[%emt 0:06:30]} 26. Rbb2 {[%emt 0:01:08]} Rxd2 {[%emt 0:00:32]} 27. Rxd2 {[%emt 0:00:02]} Rd8 {[%emt 0:00:24]} 28. Rxd8+ {[%emt 0:05:30]} Qxd8 {[%emt 0:00:08]} 29. Qf4 {[%emt 0:01:23]} Qd1+ {[%emt 0:02:14]} 30. Kg2 {[%emt 0:01:13]} Qb3 {[%emt 0:04:45]} 31. Qc1 {[%emt 0:01:36]} Kh7 {[%emt 0:04:28]} 32. Qb2 {[%emt 0:02:03]} Qd1 {[%emt 0:01:41]} 33. Qe2 {[%emt 0:05:11]} Qb3 {[%emt 0:04:25]} 34. Qb2 {[%emt 0:03:19]} Qe6 {[%emt 0:00:18]} 35. Qe2 {[%emt 0:01:10]} Nd7 {[%emt 0:02:32]} 36. Bxd7 {[%emt 0:03:15]} Qxd7 {[%emt 0:00:07]} 37. Qc2 {[%emt 0:01:17]} a5 {[%emt 0:01:21]} 38. Bc1 {[%emt 0:01:10]} Qd6 {[%emt 0:03:41]} 39. e5+ {[%emt 0:04:26]} Qg6+ {[%emt 0:00:16]} 40. Qxg6+ {[%emt 0:00:00]} Bxg6 {[%emt 0:00:00]} 41. Bf4 {[%emt 0:03:46]} Bc2 {[%emt 0:05:13]} 42. e6 {[%emt 0:00:15]} fxe6 {[%emt 0:00:16]} 43. Bc7 {[%emt 0:00:07]} Bxa4 {[%emt 0:10:18]} 44. Bxb6 {[%emt 0:00:08]} Bc6 {[%emt 0:00:12]} 45. Bxa5 {[%emt 0:00:07]} c4 {[%emt 0:00:19]} 46. Kg3 {[%emt 0:00:39]} Kg6 {[%emt 0:00:31]} 47. f4 {[%emt 0:01:05]} 1/2-1/2

[Event "World Senior chT-65 2019"]
[Site "Rhodes"]
[Date "2019.04.24"]
[Round "9.26"]
[White "Beltz, Robert"]
[Black "Melkeraen, Terje"]
[Result "1-0"]
[WhiteElo "2158"]
[BlackElo "2006"]
[Annotator "NA"]
[PlyCount "63"]
[EventDate "2019.04.16"]
[EventType "team-tourn"]
[EventCountry "GRE"]
[SourceTitle "playchess.com"]
[Source "ChessBase"]
[SourceQuality "1"]
[WhiteTeam "Germany"]
[BlackTeam "Norway"]
[WhiteTeamCountry "GER"]
[BlackTeamCountry "NOR"]
[TimeControl "40/5400+30:1800+30"]

1. Nf3 {[%emt 0:00:00]} Nf6 {[%emt 0:00:16]} 2. c4 {[%emt 0:00:01]} g6 {[%emt 0:00:09]} 3. Nc3 {[%emt 0:00:37]} Bg7 {[%emt 0:00:08]} 4. d4 {[%emt 0:00:14]} O-O {[%emt 0:00:10]} 5. Bg5 {[%emt 0:03:18]} d6 {[%emt 0:03:28]} 6. h3 {[%emt 0:02:40]} c6 {[%emt 0:04:01]} 7. e4 {[%emt 0:05:51]} Qa5 {[%emt 0:01:07]} 8. Qd2 {[%emt 0:01:44]} e5 {[%emt 0:01:21]} 9. Rd1 {[%emt 0:09:35]} Nbd7 {[%emt 0:02:34]} 10. Be2 {[%emt 0:02:59]} Re8 {[%emt 0:06:11]} 11. dxe5 {[%emt 0:07:05]} dxe5 {[%emt 0:03:41]} 12. O-O {[%emt 0:01:15]} Qc7 {[%emt 0:10:08]} 13. b4 {[%emt 0:01:44]} Nf8 {[%emt 0:03:17]} 14. c5 {[%emt 0:14:11]} Ne6 {[%emt 0:06:53]} 15. Qd6 {[%emt 0:06:18]} h6 {[%emt 0:06:14]} 16. Be3 {[%emt 0:03:27]} Nh5 {[%emt 0:04:38]} 17. g3 {[%emt 0:03:48]} Qxd6 {[%emt 0:07:37]} 18. Rxd6 {[%emt 0:03:00]} Nd4 {[%emt 0:03:30]} 19. Nxd4 {[%emt 0:01:26]} exd4 {[%emt 0:01:11]} 20. Bxd4 {[%emt 0:00:44]} Bxd4 {[%emt 0:10:26]} 21. Rxd4 {[%emt 0:00:13]} Bxh3 {[%emt 0:00:06]} 22. Rfd1 {[%emt 0:01:35]} Nf6 {[%emt 0:00:42]} 23. f3 {[%emt 0:05:33]} h5 {[%emt 0:02:49]} 24. Bc4 {[%emt 0:01:07]} Be6 {[%emt 0:00:25]} 25. Bxe6 {[%emt 0:01:46]} Rxe6 {[%emt 0:00:24]} 26. Rd6 {[%emt 0:06:37]} Rae8 {[%emt 0:04:49]} 27. e5 {[%emt 0:01:40]} Nh7 {[%emt 0:02:05]} 28. f4 {[%emt 0:00:54]} Nf8 {[%emt 0:00:17]} 29. Ne4 {[%emt 0:02:35]} Kg7 {[%emt 0:02:54]} 30. Nf6 {[%emt 0:01:58]} R8e7 {[%emt 0:00:33]} 31. a4 {[%emt 0:02:01]} a6 {[%emt 0:01:34]} 32. Rd8 {[%emt 0:01:23]} 1-0

[Event "World Senior chT-65 2019"]
[Site "Rhodes"]
[Date "2019.04.24"]
[Round "9.27"]
[White "Johnsen, Oystein"]
[Black "Baumbach, Friedrich"]
[Result "1/2-1/2"]
[WhiteElo "1986"]
[BlackElo "2089"]
[Annotator "NA"]
[PlyCount "50"]
[EventDate "2019.04.16"]
[EventType "team-tourn"]
[EventCountry "GRE"]
[SourceTitle "playchess.com"]
[Source "ChessBase"]
[SourceQuality "1"]
[WhiteTeam "Norway"]
[BlackTeam "Germany"]
[WhiteTeamCountry "NOR"]
[BlackTeamCountry "GER"]
[TimeControl "40/5400+30:1800+30"]

1. d4 {[%emt 0:00:00]} d5 {[%emt 0:00:00]} 2. Bf4 {[%emt 0:00:00]} Nf6 {[%emt 0:00:06]} 3. e3 {[%emt 0:00:00]} e6 {[%emt 0:00:31]} 4. Nf3 {[%emt 0:02:16]} Be7 {[%emt 0:00:24]} 5. Bd3 {[%emt 0:00:32]} O-O {[%emt 0:01:09]} 6. Ne5 {[%emt 0:00:43]} c5 {[%emt 0:08:13]} 7. c3 {[%emt 0:00:10]} Nc6 {[%emt 0:00:15]} 8. Nd2 {[%emt 0:02:55]} Qb6 {[%emt 0:02:40]} 9. Rb1 {[%emt 0:04:09]} Bd7 {[%emt 0:08:06]} 10. Ndf3 {[%emt 0:12:11]} Rad8 {[%emt 0:04:48]} 11. Ng5 {[%emt 0:06:51]} g6 {[%emt 0:12:39]} 12. h4 {[%emt 0:09:21]} Nh5 {[%emt 0:05:36]} 13. Ngf3 {[%emt 0:12:23]} Nxf4 {[%emt 0:04:55]} 14. exf4 {[%emt 0:00:10]} cxd4 {[%emt 0:00:56]} 15. h5 {[%emt 0:03:18]} dxc3 {[%emt 0:07:02]} 16. bxc3 {[%emt 0:00:55]} Qc5 {[%emt 0:02:09]} 17. Qc2 {[%emt 0:04:33]} f6 {[%emt 0:12:42]} 18. Nxd7 {[%emt 0:07:42]} Rxd7 {[%emt 0:01:41]} 19. hxg6 {[%emt 0:00:21]} hxg6 {[%emt 0:00:59]} 20. Rh6 {[%emt 0:02:47]} f5 {[%emt 0:05:51]} 21. Rb5 {[%emt 0:08:33]} Qd6 {[%emt 0:00:46]} 22. Rxg6+ {[%emt 0:00:10]} Kf7 {[%emt 0:01:09]} 23. Bxf5 {[%emt 0:00:40]} Bf6 {[%emt 0:07:32]} 24. Ng5+ {[%emt 0:03:13]} Ke8 {[%emt 0:04:14]} 25. Bh3 {[%emt 0:08:21]} Re7 {[%emt 0:03:42]} 1/2-1/2

[Event "World Senior chT-65 2019"]
[Site "Rhodes"]
[Date "2019.04.24"]
[Round "9.28"]
[White "Just, Joachim"]
[Black "Bjorgvik, Jan Arne"]
[Result "1/2-1/2"]
[WhiteElo "1970"]
[BlackElo "1779"]
[Annotator "NA"]
[PlyCount "139"]
[EventDate "2019.04.16"]
[EventType "team-tourn"]
[EventCountry "GRE"]
[SourceTitle "playchess.com"]
[Source "ChessBase"]
[SourceQuality "1"]
[WhiteTeam "Germany"]
[BlackTeam "Norway"]
[WhiteTeamCountry "GER"]
[BlackTeamCountry "NOR"]
[TimeControl "40/5400+30:1800+30"]

1. Nf3 {[%emt 0:00:00]} d5 {[%emt 0:00:00]} 2. d4 {[%emt 0:00:00]} e6 {[%emt 0:00:01]} 3. c3 {[%emt 0:00:54]} Nf6 {[%emt 0:00:28]} 4. Bg5 {[%emt 0:00:17]} Be7 {[%emt 0:00:07]} 5. Nbd2 {[%emt 0:00:42]} h6 {[%emt 0:01:12]} 6. Bxf6 {[%emt 0:00:38]} Bxf6 {[%emt 0:00:23]} 7. e4 {[%emt 0:00:48]} dxe4 {[%emt 0:00:58]} 8. Nxe4 {[%emt 0:00:11]} O-O {[%emt 0:01:19]} 9. Bd3 {[%emt 0:00:37]} Be7 {[%emt 0:04:04]} 10. O-O {[%emt 0:00:56]} Nd7 {[%emt 0:00:46]} 11. Re1 {[%emt 0:01:55]} Nf6 {[%emt 0:03:30]} 12. Qe2 {[%emt 0:02:58]} c6 {[%emt 0:05:28]} 13. Rad1 {[%emt 0:02:55]} Qc7 {[%emt 0:03:01]} 14. Ne5 {[%emt 0:02:20]} Nd7 {[%emt 0:09:36]} 15. f4 {[%emt 0:02:10]} c5 {[%emt 0:03:34]} 16. Kh1 {[%emt 0:03:55]} Nxe5 {[%emt 0:03:45]} 17. fxe5 {[%emt 0:01:04]} cxd4 {[%emt 0:04:15]} 18. cxd4 {[%emt 0:00:51]} Bd7 {[%emt 0:01:03]} 19. Qg4 {[%emt 0:05:23]} f5 {[%emt 0:09:13]} 20. exf6 {[%emt 0:00:28]} Bxf6 {[%emt 0:00:26]} 21. Qg6 {[%emt 0:02:09]} Be8 {[%emt 0:08:40]} 22. Qg4 {[%emt 0:01:45]} Bxd4 {[%emt 0:09:47]} 23. Ng5 {[%emt 0:03:46]} hxg5 {[%emt 0:04:19]} 24. Qxd4 {[%emt 0:00:32]} Bf7 {[%emt 0:01:25]} 25. Qe4 {[%emt 0:01:27]} g6 {[%emt 0:00:34]} 26. Rf1 {[%emt 0:01:01]} Rad8 {[%emt 0:02:31]} 27. Qg4 {[%emt 0:08:56]} Qe5 {[%emt 0:03:17]} 28. Bc4 {[%emt 0:06:00]} Kg7 {[%emt 0:04:24]} 29. Rxd8 {[%emt 0:03:11]} Rxd8 {[%emt 0:00:22]} 30. Qf3 {[%emt 0:00:14]} Rd7 {[%emt 0:01:25]} 31. Qb3 {[%emt 0:01:25]} b6 {[%emt 0:00:56]} 32. Qf3 {[%emt 0:06:12]} Qxb2 {[%emt 0:03:02]} 33. Qc6 {[%emt 0:01:21]} Qd4 {[%emt 0:02:14]} 34. Bb5 {[%emt 0:02:01]} Rd8 {[%emt 0:01:51]} 35. Qc7 {[%emt 0:00:41]} Rf8 {[%emt 0:02:11]} 36. Qe7 {[%emt 0:02:01]} Qc5 {[%emt 0:01:44]} 37. Qd7 {[%emt 0:01:59]} Qd5 {[%emt 0:01:18]} 38. Rd1 {[%emt 0:02:05]} Qxd7 {[%emt 0:00:21]} 39. Rxd7 {[%emt 0:00:02]} a6 {[%emt 0:01:44]} 40. Bxa6 {[%emt 0:00:00]} Ra8 {[%emt 0:00:00]} 41. Bc4 {[%emt 0:01:30]} Rc8 {[%emt 0:01:00]} 42. Bf1 {[%emt 0:00:43]} Rc1 {[%emt 0:01:44]} 43. Kg1 {[%emt 0:00:01]} e5 {[%emt 0:00:58]} 44. Kf2 {[%emt 0:00:15]} Kf8 {[%emt 0:03:07]} 45. Bd3 {[%emt 0:01:09]} Rc5 {[%emt 0:02:38]} 46. Ke3 {[%emt 0:01:42]} Bxa2 {[%emt 0:02:36]} 47. Rd6 {[%emt 0:01:27]} Rc3 {[%emt 0:03:24]} 48. Kd2 {[%emt 0:00:12]} Rb3 {[%emt 0:01:27]} 49. Bc2 {[%emt 0:00:48]} Rb4 {[%emt 0:01:53]} 50. Rxg6 {[%emt 0:00:34]} g4 {[%emt 0:00:54]} 51. Rg5 {[%emt 0:01:57]} Rf4 {[%emt 0:05:35]} 52. Rxe5 {[%emt 0:00:34]} Rf2+ {[%emt 0:01:08]} 53. Re2 {[%emt 0:00:11]} Rxe2+ {[%emt 0:01:10]} 54. Kxe2 {[%emt 0:00:01]} b5 {[%emt 0:01:18]} 55. Ke3 {[%emt 0:00:22]} b4 {[%emt 0:00:16]} 56. Kf4 {[%emt 0:01:01]} b3 {[%emt 0:00:16]} 57. Bxb3 {[%emt 0:00:35]} Bxb3 {[%emt 0:00:15]} 58. Kxg4 {[%emt 0:00:07]} Kg7 {[%emt 0:00:20]} 59. Kg5 {[%emt 0:01:09]} Bc2 {[%emt 0:00:54]} 60. g3 {[%emt 0:00:16]} Bd3 {[%emt 0:00:25]} 61. h3 {[%emt 0:01:26]} Bc2 {[%emt 0:01:34]} 62. g4 {[%emt 0:00:19]} Bg6 {[%emt 0:00:26]} 63. Kf4 {[%emt 0:00:31]} Kh6 {[%emt 0:00:25]} 64. h4 {[%emt 0:00:18]} Be8 {[%emt 0:00:26]} 65. Ke5 {[%emt 0:00:17]} Bd7 {[%emt 0:00:36]} 66. g5+ {[%emt 0:00:10]} Kh5 {[%emt 0:00:36]} 67. Kf6 {[%emt 0:00:15]} Kxh4 {[%emt 0:00:40]} 68. g6 {[%emt 0:00:11]} Ba4 {[%emt 0:00:12]} 69. g7 {[%emt 0:00:18]} Bb3 {[%emt 0:00:08]} 70. Ke5 {[%emt 0:00:27]} 1/2-1/2

[Event "World Senior chT-65 2019"]
[Site "Rhodes"]
[Date "2019.04.24"]
[Round "9.29"]
[White "Carlsson, Ingvar"]
[Black "Andersson, Kaj"]
[Result "1/2-1/2"]
[WhiteElo "2119"]
[BlackElo "2030"]
[Annotator "NA"]
[PlyCount "35"]
[EventDate "2019.04.16"]
[EventType "team-tourn"]
[EventCountry "GRE"]
[SourceTitle "playchess.com"]
[Source "ChessBase"]
[SourceQuality "1"]
[WhiteTeam "Sweden"]
[BlackTeam "Sweden"]
[WhiteTeamCountry "SWE"]
[BlackTeamCountry "SWE"]
[TimeControl "40/5400+30:1800+30"]

1. e4 {[%emt 0:00:00]} c5 {[%emt 0:00:00]} 2. Nc3 {[%emt 0:00:00]} e6 {[%emt 0:00:00]} 3. g3 {[%emt 0:00:05]} d5 {[%emt 0:01:12]} 4. Bg2 {[%emt 0:01:09]} Nf6 {[%emt 0:02:10]} 5. d3 {[%emt 0:02:47]} Nc6 {[%emt 0:02:34]} 6. exd5 {[%emt 0:09:45]} exd5 {[%emt 0:00:17]} 7. Bg5 {[%emt 0:03:32]} d4 {[%emt 0:07:07]} 8. Nd5 {[%emt 0:12:02]} Be7 {[%emt 0:18:11]} 9. Nxe7 {[%emt 0:00:07]} Qxe7+ {[%emt 0:00:21]} 10. Qe2 $11 {[%emt 0:01:28]} Be6 {[%emt 0:01:47]} 11. Nf3 {[%emt 0:03:46]} O-O {[%emt 0:02:28]} 12. Ne5 {[%emt 0:22:51]} Nb4 {[%emt 0:11:04]} 13. O-O {[%emt 0:03:50]} Bd5 {[%emt 0:02:04]} 14. Rfe1 {[%emt 0:03:47]} Bxg2 {[%emt 0:02:33]} 15. Kxg2 {[%emt 0:00:12]} h6 {[%emt 0:01:34]} 16. Bxf6 {[%emt 0:05:18]} Qxf6 {[%emt 0:00:06]} 17. a3 {[%emt 0:00:20]} Nd5 {[%emt 0:02:58]} 18. Qf3 {[%emt 0:02:06]} 1/2-1/2